| 000 | 00585nam a2200217Ia 4500 | ||
|---|---|---|---|
| 999 |
_c13419 _d13419 |
||
| 003 | 0100 | ||
| 005 | 20180305155409.0 | ||
| 008 | 130303s9999 xx 000 0 und d | ||
| 020 | _a520026934 | ||
| 040 | _cARRUPELIB | ||
| 050 | _aDT946.B743G3 1974 | ||
| 100 |
_aGalbraith, John S _930644 |
||
| 245 |
_aCrown and charter: _bthe early years of the British South Africa Company / |
||
| 260 |
_aBerkeley _bUniversity of California Press _c1974 |
||
| 300 | _axi | ||
| 300 | _b 354 p. ill. 23 cm | ||
| 440 |
_aPerspectives on southern Africa , 14 _940243 |
||
| 650 |
_aBritish South Africa Company _940244 |
||
| 650 |
_aRhodes, Cecil John _939721 |
||
| 700 |
_aJohn S. Galbraith _940245 |
||
| 942 |
_2lcc _cMONOGRAPH |
||